000
00256nam a22001097a 4500
003
OSt
008
231114b |||||||| |||| 00| 0 eng d
041
_a
eng
100
_a
Sivasankara Pillai, Thakazhi
_9
5617
245
_a
Anubhavangal palichakal /
942
_c
BK
999
_c
17833
_d
17833